000 01754cam a2200289 4500500
005 20251228073442.0
041 _afre
042 _adc
100 1 0 _aBrient, Pierrick
_eauthor
245 0 0 _aL'amant muré.
260 _c2008.
500 _a40
520 _aRésuméLe conte « La Grande Bretèche », lent dévoilement d’un lieu muré où règne l’horreur qui subsiste au crime, métaphorise ce qui oriente l’écriture pour Balzac. L’espace connoté du sexuel vers lequel est tendu l’écriture révèle, au-delà de la logique phallique, la place de la Chose, vers la dignité de laquelle la sublimation élève un objet. L’écrivain nous fait ainsi savoir, à son insu, comment la littérature, par l’intermédiaire du fantasme, permet de jouir de la Chose tout en maintenant une barrière.
520 _aThe short-story, « La grande Bretèche », as the slow disclosure of a pent-up place where the horror that lingers after a crime still prevails, is a metaphor of what fuels Balzac’s writing act. The sexually connoted space aimed at by the writing act unveils, beyond the phallic logic, the place of the Thing, towards which sublimation drives the object. The author, unwillingly, reveals how literature, through fantasy, allows a jouissance of the Thing, while maintaining a barrier
690 _aBalzac
690 _achose
690 _acrime
690 _aécriture
690 _asublimation
690 _aBalzac
690 _acrime
690 _asublimation
690 _athe Thing
690 _awriting
786 0 _nSavoirs et clinique | 9 | 1 | 2008-06-23 | p. 64-68 | 1634-3298
856 4 1 _uhttps://shs.cairn.info/revue-savoirs-et-cliniques-2008-1-page-64?lang=fr&redirect-ssocas=7080
999 _c1595253
_d1595253